LEADER 02425nas 2200613-a 450 001 996202377403316 005 20240130213016.0 011 $a1939-7445 035 $a(DE-599)ZDB2030290-3 035 $a(OCoLC)51465606 035 $a(CKB)110975506071047 035 $a(CONSER)--2007212307 035 $a(EXLCZ)99110975506071047 100 $a20030117a19869999 s-- a 101 0 $aeng 135 $aurmnu|||||||| 181 $ctxt$2rdacontent 182 $cc$2rdamedia 183 $acr$2rdacarrier 200 10$aNatural resource modeling 210 $a[Tempe, AZ] $cRocky Mountain Mathematics Consortium 210 2 $a[New York?] $cWiley-Blackwell 210 3 $a[Hoboken, N.J.?] $cWiley Periodicals, Inc 215 $a1 online resource 300 $aRefereed/Peer-reviewed 311 $aPrint version: Natural resource modeling (DLC)sf 93093538 (OCoLC)14404446 0890-8575 531 $aNAT RESOUR MODEL 531 $aNATUR. RESOURCE MODELING 531 $aNAT. RESOUR. MODEL 606 $aNatural resources$xManagement$xMathematical models$vPeriodicals 606 $aEnvironmental policy$xMathematical models$vPeriodicals 606 $aEcology$xMathematical models$vPeriodicals 606 $aConservation of natural resources$xMathematical models$vPeriodicals 606 $aConservation of natural resources$xMathematical models$2fast$3(OCoLC)fst00875529 606 $aEcology$xMathematical models$2fast$3(OCoLC)fst00901509 606 $aEnvironmental policy$xMathematical models$2fast$3(OCoLC)fst00913288 606 $aNatural resources$xManagement$xMathematical models$2fast$3(OCoLC)fst01034452 608 $aPeriodicals.$2fast 608 $aPeriodicals.$2lcgft 615 0$aNatural resources$xManagement$xMathematical models 615 0$aEnvironmental policy$xMathematical models 615 0$aEcology$xMathematical models 615 0$aConservation of natural resources$xMathematical models 615 7$aConservation of natural resources$xMathematical models. 615 7$aEcology$xMathematical models. 615 7$aEnvironmental policy$xMathematical models. 615 7$aNatural resources$xManagement$xMathematical models. 676 $a510 712 02$aRocky Mountain Mathematics Consortium, 712 02$aResource Modeling Association, 906 $aJOURNAL 912 $a996202377403316 996 $aNatural resource modeling$9976696 997 $aUNISA LEADER 01412nam 2200337z- 450 001 9910689470703321 005 20161209100127.0 035 $a(CKB)5860000000018925 035 $a(BIP)007972807 035 $a(EXLCZ)995860000000018925 100 $a20220406c2001uuuu -u- - 101 0 $aeng 200 10$aCFTC report entitled "A new regulatory framework" $ehearing before the Committee on Agriculture, Nutrition, and Forestry, United States Senate, Subcommittee on Research, Nutrition and General Legislation, One Hundred Sixth Congress, second session on CFTC report entitled "A new regulatory framework", March 20, 2000 215 $a1 online resource (iv, 108 p.) 311 $a0-16-064973-0 517 $aCFTC report entitled A new regulatory framework 606 $aDerivative securities$xLaw and legislation$zUnited States 606 $aCommodity exchanges$xLaw and legislation$zUnited States 606 $aCommodity futures$zUnited States 610 $aCommodity futures 610 $aDerivative securities 610 $aCommodity exchanges 610 $aUnited States 610 $aBusiness & economics 615 0$aDerivative securities$xLaw and legislation 615 0$aCommodity exchanges$xLaw and legislation 615 0$aCommodity futures 906 $aBOOK 912 $a9910689470703321 996 $aCFTC report entitled "A new regulatory framework"$93207855 997 $aUNINA